01北海道の市区町村(選択形式) - Statistics

General Stats
  • This quiz has been taken 31 times
  • The average score is 102 of 188
Answers on the Map
Answers color-coded by a green-red scale on the quiz's map according to % correct below.
 
Answer Stats
Answer % Correct
017:北見市
91%
020:網走市
78%
015:釧路市
70%
028:紋別市
70%
133:斜里町
70%
012:小樽市
65%
013:旭川市
65%
023:稚内市
65%
032:根室市
65%
043:石狩市
65%
080:余市町
65%
113:中川町
65%
127:礼文町
65%
129:利尻富士町
65%
164:新得町
65%
167:中札内村
65%
170:広尾町
65%
171:幕別町
65%
016:帯広市
61%
025:芦別市
61%
026:江別市
61%
029:士別市
61%
033:千歳市
61%
040:恵庭市
61%
041:伊達市
61%
063:島牧村
61%
066:蘭越町
61%
070:喜茂別町
61%
077:積丹町
61%
085:由仁町
61%
093:雨竜町
61%
094:北竜町
61%
104:上富良野町
61%
105:中富良野町
61%
106:南富良野町
61%
122:猿払村
61%
135:小清水町
61%
136:訓子府町
61%
139:遠軽町
61%
142:興部町
61%
144:雄武町
61%
160:音更町
61%
161:士幌町
61%
169:大樹町
61%
185:別海町
61%
001:札幌市中央区
57%
014:室蘭市
57%
018:夕張市
57%
024:美唄市
57%
031:三笠市
57%
037:深川市
57%
038:富良野市
57%
042:北広島市
57%
064:寿都町
57%
065:黒松内町
57%
068:真狩村
57%
073:共和町
57%
074:岩内町
57%
075:泊村
57%
076:神恵内村
57%
078:古平町
57%
081:赤井川村
57%
083:奈井江町
57%
084:上砂川町
57%
090:新十津川町
57%
095:沼田町
57%
101:上川町
57%
107:占冠村
57%
108:和寒町
57%
109:剣淵町
57%
111:美深町
57%
112:音威子府村
57%
114:幌加内町
57%
123:浜頓別町
57%
124:中頓別町
57%
125:枝幸町
57%
126:豊富町
57%
131:美幌町
57%
134:清里町
57%
137:置戸町
57%
143:西興部村
57%
162:上士幌町
57%
166:芽室町
57%
172:池田町
57%
173:豊頃町
57%
176:陸別町
57%
180:浜中町
57%
181:標茶町
57%
182:弟子屈町
57%
183:鶴居村
57%
188:羅臼町
57%
006:札幌市南区
52%
009:札幌市手稲区
52%
011:函館市
52%
019:岩見沢市
52%
021:留萌市
52%
022:苫小牧市
52%
030:名寄市
52%
034:滝川市
52%
035:砂川市
52%
036:歌志内市
52%
039:登別市
52%
045:当別町
52%
046:新篠津村
52%
047:松前町
52%
048:福島町
52%
049:知内町
52%
050:木古内町
52%
052:鹿部町
52%
054:八雲町
52%
055:長万部町
52%
057:上ノ国町
52%
062:せたな町
52%
069:留寿都村
52%
072:倶知安町
52%
079:仁木町
52%
086:長沼町
52%
088:月形町
52%
089:浦臼町
52%
097:東神楽町
52%
099:比布町
52%
102:東川町
52%
103:美瑛町
52%
115:増毛町
52%
118:羽幌町
52%
130:幌延町
52%
132:津別町
52%
141:滝上町
52%
145:大空町
52%
158:えりも町
52%
163:鹿追町
52%
165:清水町
52%
168:更別村
52%
174:本別町
52%
175:足寄町
52%
178:釧路町
52%
179:厚岸町
52%
186:中標津町
52%
187:標津町
52%
027:赤平市
48%
044:北斗市
48%
053:森町
48%
056:江差町
48%
058:厚沢部町
48%
059:乙部町
48%
060:奥尻町
48%
061:今金町
48%
067:ニセコ町
48%
082:南幌町
48%
091:妹背牛町
48%
092:秩父別町
48%
096:鷹栖町
48%
098:当麻町
48%
100:愛別町
48%
117:苫前町
48%
119:初山別村
48%
128:利尻町
48%
138:佐呂間町
48%
140:湧別町
48%
146:豊浦町
48%
147:壮瞥町
48%
148:白老町
48%
150:洞爺湖町
48%
152:むかわ町
48%
153:日高町
48%
177:浦幌町
48%
184:白糠町
48%
002:札幌市北区
43%
051:七飯町
43%
071:京極町
43%
087:栗山町
43%
110:下川町
43%
116:小平町
43%
121:天塩町
43%
149:厚真町
43%
151:安平町
43%
154:平取町
43%
155:新冠町
43%
156:浦河町
43%
157:様似町
43%
003:札幌市東区
39%
004:札幌市白石区
39%
007:札幌市西区
39%
120:遠別町
39%
159:新ひだか町
39%
008:札幌市厚別区
35%
010:札幌市清田区
35%
005:札幌市豊平区
30%
No matching quizzes found
Score Distribution
Percent of People with Each Score
Percentile by Number Answered
Your Score History
You have not taken this quiz